Quizzes
Events
Quiz Creation
Community
Videos
Private Events
Remove Ads
Sign In
Join for FREE
Feedback
Dark Mode
Quiz Categories
Sports
Geography
Music
Movies
Television
Just For Fun
Miscellaneous
History
Literature
Language
Science
Gaming
Entertainment
Religion
Holiday
For Kids
Quiz Lab
Recent
Popular Today
Quiz Kudos Today
Editor Picks
Curator Picks
Quizzes by...
Day
Popularity
Type
Ratings
Length
Year
Community
Subscriptions
Recent Discussions
Orange Saloon
Badges
Playlists
Quests
Create
Leaderboards
Showdown
Live 5
Trivia Bingo
Activity
Puzzle Library
Sporcle Events
Private Events
Virtual Trivia
Globe League
Become a Host
Pub Owners
SporcleCon
Opinionation
Our Games
Videos
Blog
Mobile Apps
Partnerships
Remove Ads and Go Orange
Feedback
Holiday
Halloween
Christmas
Holiday Songs
April Fools'
Thanksgiving
Valentine's Day
Easter
St Patrick's Day
National Holiday
Religious Holiday
Holiday
Halloween
Christmas
Holiday Songs
April Fools'
Thanksgiving
Valentine's Day
Easter
St Patrick's Day
National Holiday
Religious Holiday
Random Quiz
Search Sporcle
×
Quiz Lab
Quiz Lab
Holiday
AKC Breeds
Type in answers that appear in a list
Type in answers that appear in a list
Classic
Best Score? Go Orange.
AKC Working Group Stats
Can you name the AKC Working Group?
By
starjumper
8m
28 Questions
182 Plays
182 Plays
182 Plays
Comments
Comments
Give Quiz Kudos
Give Quiz Kudos
-
- Ratings
hide this ad
Replay
Link that replays current quiz
Next Quiz
Link to next quiz in quiz playlist
You Got
0%
They Got
Avg Score
83%
Avg Friend Score
Upgrade to see
Score Distribution
Jump to the score distribution portion of the page
Score
0/28
Timer
08:00
0
Plays Today
% Correct
Mastiff
93.4%
Great Dane
92.9%
Bullmastiff
92.3%
Siberian Husky
91.8%
Alaskan Malamute
90.7%
Rottweiler
90.7%
Doberman Pinscher
89.6%
Saint Bernard
89%
Bernese Mountain Dog
88.5%
Newfoundland
88.5%
Akita
87.4%
Greater Swiss Mountain Dog
86.8%
Boxer
86.3%
Great Pyrenees
86.3%
% Correct
Samoyed
86.3%
Neapolitan Mastiff
85.7%
Giant Schnauzer
84.6%
Standard Schnauzer
84.1%
Tibetan Mastiff
83.5%
Kuvasz
82.4%
Komondor
81.9%
Portuguese Water Dog
80.2%
Dogue de Bordeaux
79.7%
German Pinscher
77.5%
Black Russian Terrier
76.4%
Anatolian Shepherd Dog
69.8%
Leonberger
61.5%
Cane Corso
59.9%
Quiz Playlist
Details
Report
Send in Message
Add To Playlist
Classic:
Type in answers that appear in a list
Last Updated: Feb 16, 2017
Quiz Scoreboard
CHALLENGE
Sign Up to Join the Scoreboard
Show All
Scores
Hide
Comments
May contain spoilers
Recently Published
Decade Duel: World Leaders
by jenniferyan
History
4m
Alphabetical 'K' Countries by Flag Minefield
by ylime102
Geography
3m
Pick 6: Fruits
by JohnFran
Miscellaneous
15s
More to Explore
Quiz From the Vault
Featured Blog Post
15 Basketball Trivia Facts You Can Be March Mad About
hide this ad
You Might Also Like...
Tags
AKC Breeds
group
Working
Today's Top Quizzes in Holiday
Browse Holiday
hide this ad
Today's Top Quizzes in AKC Breeds
Browse AKC Breeds
Top Contributed Quizzes in Holiday
1
Pick 6: Holidays
2
Pick 6: Halloween Costumes
3
Pick 6: Christmas Villains
4
Pick 6: Christmas
5
Seasons Vowels
6
Sunday Crossword: St. Patrick's Day
7
7-to-1: Easter
8
April Fools' Match
9
One Subcategory in 15 Categories - Easter
10
Spring Holidays Are Everywhere
Explore More
Trending Topics
Harry Potter
Kpop
Crossword
NBA
Marvel
Anime
Disney
Country
Song
The Office
NFL
Puzzle
Soccer
Pokémon
WWE
hide this ad
More By:
starjumper
Quiz
Plays
Rating
Category
Featured
Created
James Bond Villians (Clickable)
3,426
3.88
Movies
Apr 6, 2012
Bruce Willis Movies ( Clickable)
1,702
3.58
Movies
Apr 6, 2012
Movie Villains (Clickable)
1,607
3.70
Movies
Apr 7, 2012
Big Brother U.S. Winners ( Clickable )
896
Television
Apr 7, 2012
Robert De Niro Movies (Clickable)
838
3.83
Movies
Apr 7, 2012
Go to Creator's Profile
Score Distribution
Quiz Creator Spotlight
starjumper
Follow
Send a Message
Quizzes Created
-
Created Quiz Play Count
-
More By This Creator
Popular Quizzes Today
1
Countries of Asia Without Outlines Minefield
2
Find the US States - No Outlines Minefield
3
Pick 6: Fruits
4
Alphabetical 'K' Countries by Flag Minefield
5
The Countries of the World
6
Find the Countries of Europe - No Outlines Minefield
7
Find the US States
8
US States
More Holiday Quizzes
Finish the Christmas Song
Published
Trending Quizzes
Pick 6: Mountains
Pick 6: Harry Potter
Pick 6: Flags
Pick 6: NFL Teams
Pick 6: Movie Franchises
Recently Updated
Adaptations: Name the Title
pecheneg
NWSL Teams
pecheneg
Women's Final Four Teams by Year
bhenderson79
Presidents Quartet II
eogle
Anything But Clue(do)
eogle
Anything But Oceanian Capitals
eogle
Anything But 7
eogle
Anything But Thing
eogle
Word Ladder: February 29
pecheneg
Song Title Questions
pecheneg
Trending Topics
NBA
Disney
Kpop
Marvel
Harry Potter
Anime
Crossword
Song
NFL
Soccer
Country
WWE
Pokémon
Puzzle
The Office
Your Account Isn't Verified!
In order to create a playlist on Sporcle, you need to verify the email address you used during registration. Go to your
Sporcle Settings
to finish the process.
Report this User
Report this user for behavior that violates our
Community Guidelines
.
Details:
Send Report
Go to the Sporcle.com Mobile Site →
Comments